[Event "18. Ciudad de Pamplona - Abierto"]
[Site "Pamplona ESP"]
[Date "2008.12.28"]
[Round "8.2"]
[White "Recuero Guerra, David"]
[Black "Mellado Triviño, Juan Manuel"]
[Result "1/2-1/2"]
[WhiteElo "2425"]
[BlackElo "2434"]
[PlyCount "83"]
[EventDate "2008.12.22"]
[EventType "swiss"]
[EventRounds "9"]
[EventCountry "ESP"]
[Source "lmi"]
[SourceDate "2008.12.22"]

1. e4 e5 2. Nf3 Nf6 3. d4 Nxe4 4. Bd3 Nc6 5. Nxe5 Nxe5 6. Bxe4 d5 7. dxe5 dxe4
8. Qxd8+ Kxd8 9. Bf4 Bf5 10. Nc3 c6 11. O-O-O+ Ke8 12. Rhe1 Bg4 13. Rd2 Bb4 14.
Rxe4 Bxc3 15. bxc3 Be6 16. Red4 h6 17. a4 Ke7 18. Bg3 c5 19. R4d3 Rhd8 20. f4
Rxd3 21. Rxd3 g5 22. fxg5 hxg5 23. Bf2 b6 24. a5 Rh8 25. axb6 axb6 26. h3 g4
27. h4 Rh5 28. Bg3 Rf5 29. Rd6 Rf1+ 30. Kb2 Rg1 31. Rd2 Rf1 32. Bh2 Kf8 33. Re2
Kg7 34. Bg3 Kg6 35. Be1 Kf5 36. g3 Bc4 37. Re3 b5 38. Kc1 Rh1 39. Kb2 Rf1 40.
Kc1 Rh1 41. Kb2 Rf1 42. Kc1 1/2-1/2

[Event "18. Ciudad de Pamplona - Abierto"]
[Site "Pamplona ESP"]
[Date "2008.12.28"]
[Round "8.4"]
[White "Vega Gutierrez, Sabrina"]
[Black "Arribas Lopez, Angel"]
[Result "1/2-1/2"]
[WhiteElo "2278"]
[BlackElo "2334"]
[PlyCount "102"]
[EventDate "2008.12.22"]
[EventType "swiss"]
[EventRounds "9"]
[EventCountry "ESP"]
[Source "lmi"]
[SourceDate "2008.12.22"]

1. e4 e5 2. Nf3 Nc6 3. d4 exd4 4. Nxd4 d6 5. Nc3 Nf6 6. Bb5 Bd7 7. Bxc6 bxc6 8.
O-O Be7 9. Re1 O-O 10. b3 c5 11. Nde2 Ng4 12. Bb2 Bh4 13. Ng3 Qg5 14. Qc1 Qg6
15. Nd5 Rae8 16. Nf4 Qh6 17. Nh3 f5 18. Qxh6 Nxh6 19. exf5 Nxf5 20. Nf4 Bg5 21.
Nd5 c6 22. Nc7 Rxe1+ 23. Rxe1 Nxg3 24. hxg3 Bd8 25. Na6 Re8 26. Rd1 Bc8 27. Nb8
Bc7 28. Nxc6 Re2 29. Bc3 Kf7 30. Re1 Rxe1+ 31. Bxe1 Bb6 32. Na5 d5 33. Nc6 Kf6
34. f4 Bf5 35. c3 Bb1 36. Bf2 Bxa2 37. b4 cxb4 38. cxb4 Ke6 39. Bxb6 axb6 40.
Nd4+ Kf6 41. g4 g5 42. g3 Bc4 43. Kf2 Ba6 44. Ke3 Bc8 45. f5 Bd7 46. Nf3 Be8
47. Kd4 h5 48. gxh5 Bxh5 49. Ne5 Kxf5 50. Kxd5 Be2 51. Nd7 Kg4 1/2-1/2

[Event "18. Ciudad de Pamplona - Abierto"]
[Site "Pamplona ESP"]
[Date "2008.12.28"]
[Round "8.5"]
[White "Lariño Nieto, David"]
[Black "Munoz Arana, Miguel"]
[Result "1-0"]
[WhiteElo "2469"]
[BlackElo "2100"]
[PlyCount "77"]
[EventDate "2008.12.22"]
[EventType "swiss"]
[EventRounds "9"]
[EventCountry "ESP"]
[Source "lmi"]
[SourceDate "2008.12.22"]

1. d4 c5 2. d5 e5 3. Nc3 d6 4. e4 g6 5. Be2 Nf6 6. Nf3 Bg7 7. O-O O-O 8. Nd2
Ne8 9. Nc4 f5 10. a4 Nd7 11. Ra3 Ndf6 12. exf5 gxf5 13. Bg5 Kh8 14. f4 e4 15.
Nb5 a6 16. Nc3 b6 17. Rb3 Rb8 18. Qe1 Bd7 19. Nd1 Bxa4 20. Rh3 Qe7 21. Qh4 Qf7
22. Ne5 dxe5 23. fxe5 Bd7 24. e6 Bxe6 25. dxe6 Qxe6 26. Ne3 Rb7 27. Bxa6 Ra7
28. Bc4 Qe5 29. c3 Nd6 30. Bf4 Qe7 31. Nd5 Qd8 32. Bxd6 Qxd6 33. Nf4 h6 34. Qg5
Ng4 35. Ng6+ Kh7 36. Nxf8+ Qxf8 37. Be6 Kh8 38. Bxf5 Rf7 39. Qxg4 1-0

[Event "18. Ciudad de Pamplona - Abierto"]
[Site "Pamplona ESP"]
[Date "2008.12.28"]
[Round "8.6"]
[White "Djingarova, Emilia"]
[Black "Zamarbide Iñarrea, Daniel"]
[Result "1-0"]
[WhiteElo "2352"]
[BlackElo "2079"]
[PlyCount "117"]
[EventDate "2008.12.22"]
[EventType "swiss"]
[EventRounds "9"]
[EventCountry "ESP"]
[Source "lmi"]
[SourceDate "2008.12.22"]

1. Nf3 e6 2. g3 b6 3. Bg2 Bb7 4. O-O f5 5. b3 Nf6 6. Bb2 Be7 7. d3 O-O 8. Nbd2
d6 9. e4 fxe4 10. Ng5 Qc8 11. Bh3 Nbd7 12. Bxe6+ Kh8 13. Ndxe4 Qe8 14. Bh3 Nxe4
15. Nxe4 Nf6 16. Bg2 Qg6 17. Nxf6 Bxg2 18. Kxg2 Bxf6 19. Bxf6 Qxf6 20. Qg4 Rae8
21. a4 Re7 22. Rad1 Rfe8 23. Rde1 g6 24. Re3 h5 25. Qe2 Qg5 26. Re1 Rxe3 27.
fxe3 Kg7 28. e4 Qe5 29. Rf1 d5 30. Qf3 dxe4 31. Qf7+ Kh8 32. Qxg6 exd3 33. Qxd3
Kg7 34. Qf3 Re7 35. Qf8+ Kg6 36. Qg8+ Kh6 37. Qc4 Kg5 38. Qh4+ Kg6 39. Qc4 Kg5
40. Qf4+ Qxf4 41. Rxf4 Re2+ 42. Rf2 Re3 43. Kf1 h4 44. Kg2 hxg3 45. hxg3 Rc3
46. Kh3 a6 47. Rd2 a5 48. Re2 Rf3 49. Re4 Kf5 50. Rc4 c5 51. Kg2 Re3 52. Kf2
Re6 53. Rf4+ Kg5 54. Rf8 Re4 55. Rg8+ Kf6 56. Rb8 Rb4 57. Ke3 Kf5 58. Rf8+ Kg5
59. Rf4 1-0

[Event "18. Ciudad de Pamplona - Abierto"]
[Site "Pamplona ESP"]
[Date "2008.12.28"]
[Round "8.7"]
[White "Garcia Paolicchi, Raul"]
[Black "De Pablos Fernandez, Mariano"]
[Result "1-0"]
[WhiteElo "2257"]
[BlackElo "2061"]
[PlyCount "103"]
[EventDate "2008.12.22"]
[EventType "swiss"]
[EventRounds "9"]
[EventCountry "ESP"]
[Source "lmi"]
[SourceDate "2008.12.22"]

1. d4 e6 2. c4 f5 3. Nf3 Nf6 4. g3 d5 5. Bg2 c6 6. Qc2 Be7 7. O-O O-O 8. b3 Qe8
9. Ba3 Bxa3 10. Nxa3 Qh5 11. b4 Ng4 12. Qd2 Rf6 13. h3 Nh6 14. Qg5 Qe8 15. Qf4
Nd7 16. Rac1 Nf8 17. b5 Qe7 18. Rc3 Ng6 19. Qd2 Bd7 20. bxc6 Bxc6 21. cxd5 exd5
22. e3 Nf7 23. Ne1 Nd6 24. f3 Re8 25. Nec2 Re6 26. f4 Ne4 27. Bxe4 Rxe4 28. Rf3
Nf8 29. Nb1 Nd7 30. Qc1 Ba4 31. Ne1 Bc6 32. Ng2 Nb6 33. Nd2 Re6 34. Rf2 Nc4 35.
Nf3 g6 36. Ng5 Rd6 37. Nf3 Rdd8 38. Ne5 Bb5 39. Kh2 Nxe5 40. fxe5 Bc4 41. Nf4
Kg7 42. Rb2 b6 43. Rbc2 Kh6 44. e4 g5 45. exd5 Bxd5 46. Nxd5 Rxd5 47. Rc6+ Kh5
48. Qd1+ g4 49. hxg4+ fxg4 50. Kg2 Qg7 51. Qh1+ Kg5 52. Rf2 1-0

[Event "18. Ciudad de Pamplona - Abierto"]
[Site "Pamplona ESP"]
[Date "2008.12.28"]
[Round "8.8"]
[White "Vega Gutierrez, Belinda"]
[Black "Vinal Gutierrez, Pedro"]
[Result "1/2-1/2"]
[WhiteElo "2226"]
[BlackElo "2097"]
[PlyCount "82"]
[EventDate "2008.12.22"]
[EventType "swiss"]
[EventRounds "9"]
[EventCountry "ESP"]
[Source "lmi"]
[SourceDate "2008.12.22"]

1. e4 e6 2. d4 d5 3. Nc3 Bb4 4. exd5 exd5 5. Bd3 Nc6 6. a3 Bxc3+ 7. bxc3 Nge7
8. Qf3 Be6 9. Rb1 b6 10. Qg3 Qd7 11. Ne2 O-O-O 12. a4 Nf5 13. Ba6+ Kb8 14. Qd3
Na5 15. Ba3 Nd6 16. Bxd6 Qxd6 17. Qb5 Nc4 18. Qb4 Qxb4 19. Rxb4 Nd6 20. f3 c6
21. Kf2 Kc7 22. Nf4 Bf5 23. Bd3 Rhe8 24. Nh5 g6 25. Ng7 Rg8 26. Nxf5 gxf5 27.
Re1 Rde8 28. Rbb1 a5 29. Re5 f6 30. Rxe8 Rxe8 31. g3 h6 32. Ra1 Ra8 33. Ke3 b5
34. Kf4 Kb6 35. Bxf5 Re8 36. Bd3 Re7 37. Rb1 Re6 38. Kg4 Re3 39. Kf4 Re6 40.
Kg4 Re3 41. Kf4 Re6 1/2-1/2

[Event "18. Ciudad de Pamplona - Abierto"]
[Site "Pamplona ESP"]
[Date "2008.12.28"]
[Round "8.9"]
[White "Anguas Fanlo, Sergio"]
[Black "Minaya Molano, Juan"]
[Result "0-1"]
[WhiteElo "2045"]
[BlackElo "2196"]
[PlyCount "70"]
[EventDate "2008.12.22"]
[EventType "swiss"]
[EventRounds "9"]
[EventCountry "ESP"]
[Source "lmi"]
[SourceDate "2008.12.22"]

1. Nf3 Nf6 2. d4 g6 3. c3 Bg7 4. Bf4 d6 5. e3 O-O 6. Be2 Nbd7 7. Nbd2 Qe8 8.
O-O e5 9. dxe5 dxe5 10. Bg3 Nh5 11. Qb3 Nxg3 12. hxg3 Qe7 13. Qc4 Nb6 14. Qh4
Bf6 15. Qe4 h5 16. Nc4 c6 17. Nxb6 axb6 18. Nh4 b5 19. c4 bxc4 20. Bxc4 Kg7 21.
Bb3 Be6 22. Bxe6 Qxe6 23. a3 Rfd8 24. Nf3 Rd5 25. Rfd1 Rad8 26. Rxd5 Rxd5 27.
b4 Qd6 28. Rc1 Rd3 29. Rc5 Rxa3 30. Nxe5 Ra1+ 31. Kh2 Qd1 32. g4 h4 33. g3 Qg1+
34. Kh3 Qxf2 35. Qg2 Rh1+ 0-1

[Event "18. Ciudad de Pamplona - Abierto"]
[Site "Pamplona ESP"]
[Date "2008.12.28"]
[Round "8.10"]
[White "Burguete Archel, Eduardo"]
[Black "Aguinaga Ruiz, Jesus Luis"]
[Result "1-0"]
[WhiteElo "2176"]
[BlackElo "1997"]
[PlyCount "61"]
[EventDate "2008.12.22"]
[EventType "swiss"]
[EventRounds "9"]
[EventCountry "ESP"]
[Source "lmi"]
[SourceDate "2008.12.22"]

1. e4 Nc6 2. Nc3 Nf6 3. f4 d5 4. e5 d4 5. exf6 dxc3 6. fxg7 cxd2+ 7. Qxd2 Qxd2+
8. Bxd2 Bxg7 9. O-O-O Bg4 10. Re1 O-O-O 11. Bd3 e5 12. f5 Nd4 13. Rf1 f6 14.
Nf3 Rhe8 15. Nxd4 exd4 16. Rf2 Rd5 17. h3 Bh5 18. Bc4 Bf7 19. Bxd5 Bxd5 20. Re1
Rxe1+ 21. Bxe1 Kd7 22. Bd2 Bf8 23. Rf4 c5 24. Rh4 Bg8 25. c3 d3 26. c4 a6 27.
Bc3 Ke7 28. Kd2 b5 29. b3 bxc4 30. bxc4 Kf7 31. Kxd3 1-0

[Event "18. Ciudad de Pamplona - Abierto"]
[Site "Pamplona ESP"]
[Date "2008.12.28"]
[Round "8.12"]
[White "Lakunza Oyarbide, Juan Carlos"]
[Black "Roviralta Montero, Axel"]
[Result "0-1"]
[WhiteElo "2122"]
[BlackElo "1995"]
[PlyCount "75"]
[EventDate "2008.12.22"]
[EventType "swiss"]
[EventRounds "9"]
[EventCountry "ESP"]
[Source "lmi"]
[SourceDate "2008.12.22"]

1. d4 Nf6 2. c4 e6 3. g3 b6 4. Bg2 c6 5. Nf3 Bb7 6. O-O Be7 7. Nbd2 c5 8. b3
Na6 9. Bb2 O-O 10. Rc1 Rc8 11. Qc2 d5 12. Qb1 dxc4 13. Nxc4 Be4 14. Qa1 Nb4 15.
Ne3 Nbd5 16. Nxd5 exd5 17. Bh3 Rc7 18. Nd2 Bg6 19. Rfd1 Bh5 20. Re1 Qa8 21. Nf1
Ne4 22. dxc5 Bxc5 23. Rxc5 bxc5 24. Bxg7 Re8 25. Bh6 f6 26. f3 Ng5 27. Qxf6
Nxh3+ 28. Kg2 Rf7 29. Qh4 Bxf3+ 30. Kxh3 Qc8+ 31. g4 Bxe2 32. Ne3 Bd3 33. Qg5+
Kh8 34. Qxd5 Bg6 35. Rf1 Rxe3+ 36. Bxe3 Rxf1 37. Bxc5 Rf3+ 38. Qxf3 0-1

[Event "18. Ciudad de Pamplona - Abierto"]
[Site "Pamplona ESP"]
[Date "2008.12.28"]
[Round "8.15"]
[White "Ballina Amandi, Casimiro"]
[Black "Ignacz, Rozsa"]
[Result "0-1"]
[WhiteElo "1925"]
[BlackElo "2061"]
[PlyCount "46"]
[EventDate "2008.12.22"]
[EventType "swiss"]
[EventRounds "9"]
[EventCountry "ESP"]
[Source "lmi"]
[SourceDate "2008.12.22"]

1. e4 c6 2. d4 d5 3. e5 Bf5 4. Nc3 e6 5. g4 Bg6 6. Nge2 Be7 7. Bf4 c5 8. Qd2
Nc6 9. a3 a6 10. dxc5 Bxc5 11. O-O-O Bxf2 12. Ng3 Bd4 13. Qe1 Qa5 14. Nb1 Qxe1
15. Rxe1 Nge7 16. Nd2 Bf2 17. Rd1 Rc8 18. Nb3 Bxc2 19. Kxc2 Nd4+ 20. Kb1 Nxb3
21. Nh5 O-O 22. Ka2 Na5 23. Bd2 Nac6 0-1

[Event "18. Ciudad de Pamplona - Abierto"]
[Site "Pamplona ESP"]
[Date "2008.12.29"]
[Round "9.2"]
[White "Reinaldo Castineira, Roi"]
[Black "Djingarova, Emilia"]
[Result "1-0"]
[WhiteElo "2516"]
[BlackElo "2352"]
[PlyCount "67"]
[EventDate "2008.12.22"]
[EventType "swiss"]
[EventRounds "9"]
[EventCountry "ESP"]
[Source "lmi"]
[SourceDate "2008.12.22"]

1. d4 d5 2. Bg5 h6 3. Bh4 c6 4. e3 Qb6 5. Qc1 Bf5 6. Nf3 Nd7 7. Nbd2 e6 8. Be2
Be7 9. c3 Bxh4 10. Nxh4 Bh7 11. f4 Ngf6 12. O-O g5 13. Nhf3 g4 14. Ne5 Bf5 15.
c4 h5 16. Qc3 Ne4 17. Nxe4 Bxe4 18. cxd5 exd5 19. Bd3 Nf6 20. f5 Bxd3 21. Qxd3
Rh7 22. b4 Ne4 23. f6 O-O-O 24. Rab1 Kb8 25. b5 c5 26. Nc6+ bxc6 27. bxc6 Kc7
28. Rxb6 axb6 29. dxc5 bxc5 30. Qa6 Rhh8 31. Rb1 Rc8 32. Qb7+ Kd6 33. Qd7+ Ke5
34. Rf1 1-0

[Event "18. Ciudad de Pamplona - Abierto"]
[Site "Pamplona ESP"]
[Date "2008.12.29"]
[Round "9.3"]
[White "Arribas Lopez, Angel"]
[Black "Lariño Nieto, David"]
[Result "1-0"]
[WhiteElo "2334"]
[BlackElo "2469"]
[PlyCount "153"]
[EventDate "2008.12.22"]
[EventType "swiss"]
[EventRounds "9"]
[EventCountry "ESP"]
[Source "lmi"]
[SourceDate "2008.12.22"]

1. e4 d5 2. exd5 Qxd5 3. Nc3 Qa5 4. d4 Nf6 5. Bc4 Nc6 6. Nge2 Bg4 7. f3 Bf5 8.
Bd2 O-O-O 9. Nd5 Qa4 10. Ne3 Bg6 11. Bb3 Qa6 12. d5 Na5 13. Nf4 e6 14. dxe6
Nxb3 15. axb3 Rxd2 16. Qc1 Rxc2 17. Nxc2 Qb6 18. Ne3 Qb4+ 19. Ke2 Qxf4 20. Rxa7
Kb8 21. Qa1 Qxe3+ 22. Kxe3 Bc5+ 23. Ke2 Bxa7 24. e7 Bb6 25. Rd1 c6 26. Qa4 Re8
27. Qf4+ Kc8 28. Qb4 Bc7 29. Ra1 Kd7 30. Qxb7 Rxe7+ 31. Kf2 Nd5 32. Rd1 Re8 33.
Rc1 Re6 34. Rd1 Rd6 35. h4 h5 36. b4 Bc2 37. Ra1 Bd3 38. Ra8 Bb5 39. Qc8+ Ke7
40. Qf8+ Kf6 41. g4 Bb6+ 42. Kg3 Re6 43. Re8 Bc7+ 44. Kf2 hxg4 45. fxg4 Rxe8
46. Qxe8 Bb6+ 47. Kf3 Be3 48. g5+ Bxg5 49. Qd8+ Ke6 50. Qxg5 g6 51. Ke4 Nxb4
52. Qe5+ Kd7 53. Qf6 Bc4 54. Ke5 Be6 55. Kd4 Na6 56. Qf1 Nc7 57. Kc5 Bd5 58.
Qf6 Ne6+ 59. Kb6 Nc7 60. Qf4 Ne8 61. Kc5 Ng7 62. Qd6+ Ke8 63. Qe5+ Kf8 64. Qf6
Kg8 65. b4 Bh1 66. Qf1 Be4 67. Kd4 f5 68. Ke5 Nh5 69. Qc4+ Kg7 70. Qe6 Bh1 71.
Qe7+ Kg8 72. Qe8+ Kg7 73. Qd7+ Kg8 74. Ke6 Bd5+ 75. Ke7 Kg7 76. b5 Nf6 77. bxc6
1-0

[Event "18. Ciudad de Pamplona - Abierto"]
[Site "Pamplona ESP"]
[Date "2008.12.29"]
[Round "9.5"]
[White "Garcia Paolicchi, Raul"]
[Black "Recuero Guerra, David"]
[Result "0-1"]
[WhiteElo "2257"]
[BlackElo "2425"]
[PlyCount "68"]
[EventDate "2008.12.22"]
[EventType "swiss"]
[EventRounds "9"]
[EventCountry "ESP"]
[Source "lmi"]
[SourceDate "2008.12.22"]

1. d4 Nf6 2. Nf3 d5 3. c4 e6 4. e3 b6 5. Nbd2 Bb7 6. Bd3 Bd6 7. b3 O-O 8. O-O
c5 9. Bb2 Nc6 10. Qe2 cxd4 11. exd4 Qe7 12. Rad1 Rfd8 13. Ne5 dxc4 14. Nxc6
Bxc6 15. bxc4 a6 16. Rfe1 b5 17. d5 bxc4 18. Bxh7+ Nxh7 19. dxc6 Bb4 20. Bc1
Qc5 21. Rf1 c3 22. Nf3 Qxc6 23. Qc2 Nf6 24. h3 Rxd1 25. Rxd1 Rc8 26. Bf4 Nd5
27. Be5 Be7 28. Rc1 f6 29. Bd4 Qc4 30. Be3 Nb4 31. Qb3 Nxa2 32. Qxc4 Rxc4 33.
Ra1 Nb4 34. Ne1 f5 0-1

[Event "18. Ciudad de Pamplona - Abierto"]
[Site "Pamplona ESP"]
[Date "2008.12.29"]
[Round "9.6"]
[White "Vinal Gutierrez, Pedro"]
[Black "Rudolf, Anna"]
[Result "0-1"]
[WhiteElo "2097"]
[BlackElo "2318"]
[PlyCount "72"]
[EventDate "2008.12.22"]
[EventType "swiss"]
[EventRounds "9"]
[EventCountry "ESP"]
[Source "lmi"]
[SourceDate "2008.12.22"]

1. d4 e6 2. e3 Nf6 3. Bd3 b6 4. f4 Bb7 5. Nf3 c5 6. c3 Ne4 7. Nbd2 Nxd2 8. Bxd2
f5 9. O-O Be7 10. Qe2 Be4 11. Bxe4 fxe4 12. Ne5 O-O 13. Be1 d6 14. Nc4 Qc8 15.
Nd2 d5 16. Bg3 Nc6 17. Rac1 cxd4 18. exd4 Qe8 19. Qg4 Qf7 20. Rfe1 h5 21. Qh3
Qf5 22. Qxf5 Rxf5 23. h4 Bd6 24. Rf1 Raf8 25. Rce1 Bxf4 26. Bxf4 Rxf4 27. Rxf4
Rxf4 28. g3 Rf7 29. Kg2 Kf8 30. Rf1 e5 31. Rxf7+ Kxf7 32. dxe5 Nxe5 33. b3 Ke6
34. c4 e3 35. cxd5+ Kxd5 36. Nb1 Kd4 0-1

[Event "18. Ciudad de Pamplona - Abierto"]
[Site "Pamplona ESP"]
[Date "2008.12.29"]
[Round "9.8"]
[White "Montoya Irigoyen, Iñigo"]
[Black "Burguete Archel, Eduardo"]
[Result "0-1"]
[WhiteElo "2065"]
[BlackElo "2176"]
[PlyCount "44"]
[EventDate "2008.12.22"]
[EventType "swiss"]
[EventRounds "9"]
[EventCountry "ESP"]
[Source "lmi"]
[SourceDate "2008.12.22"]

1. c4 Nf6 2. Nc3 g6 3. g3 Bg7 4. Bg2 O-O 5. Rb1 a5 6. e3 d6 7. a3 e5 8. b4 axb4
9. axb4 Nc6 10. Nge2 Be6 11. Nd5 e4 12. Nec3 Ne5 13. O-O Nxd5 14. cxd5 Bg4 15.
Qc2 Nf3+ 16. Kh1 f5 17. d3 Qg5 18. Ne2 exd3 19. Qxd3 Qh5 20. h4 Ne5 21. Nf4
Nxd3 22. Nxh5 Bxh5 0-1

[Event "18. Ciudad de Pamplona - Abierto"]
[Site "Pamplona ESP"]
[Date "2008.12.29"]
[Round "9.9"]
[White "Roviralta Montero, Axel"]
[Black "Munoz Arana, Miguel"]
[Result "0-1"]
[WhiteElo "1995"]
[BlackElo "2100"]
[PlyCount "106"]
[EventDate "2008.12.22"]
[EventType "swiss"]
[EventRounds "9"]
[EventCountry "ESP"]
[Source "lmi"]
[SourceDate "2008.12.22"]

1. e4 c5 2. Nf3 g6 3. d4 Bg7 4. Nc3 cxd4 5. Nxd4 Nc6 6. Be3 Nf6 7. Bc4 Qa5 8.
Qd2 Nxe4 9. Nxe4 Qxd2+ 10. Nxd2 Bxd4 11. Bxd4 Nxd4 12. O-O-O d6 13. Rhe1 Be6
14. Re4 Bxc4 15. Nxc4 Ne6 16. Na5 Rb8 17. Rb4 Nd8 18. Re4 b6 19. Nc4 Ne6 20. f4
h5 21. Ne3 Nc5 22. Rc4 b5 23. Rc3 a5 24. Nd5 e6 25. Re3 Kf8 26. Nc3 d5 27. h3
Kg7 28. g4 hxg4 29. hxg4 Rh4 30. Rg3 b4 31. Ne2 Rh2 32. Nd4 Ne4 33. Re3 Rc8 34.
f5 e5 35. Ne2 Rc5 36. Rf1 f6 37. Kd1 Nf2+ 38. Kd2 g5 39. Rg1 d4 40. Rb3 Nh3 41.
Re1 Nf4 42. a3 bxa3 43. Rb7+ Kf8 44. bxa3 Rxe2+ 45. Rxe2 Nxe2 46. Kxe2 Rxc2+
47. Kd3 Rc3+ 48. Ke4 d3 49. Rd7 Rxa3 50. Kd5 Rb3 51. Ke6 Rb6+ 52. Kd5 Ke8 53.
Rh7 d2 0-1

[Event "18. Ciudad de Pamplona - Abierto"]
[Site "Pamplona ESP"]
[Date "2008.12.29"]
[Round "9.11"]
[White "Zamarbide Iñarrea, Daniel"]
[Black "Argaya Urdaniz, Miguel"]
[Result "1/2-1/2"]
[WhiteElo "2079"]
[BlackElo "2028"]
[PlyCount "82"]
[EventDate "2008.12.22"]
[EventType "swiss"]
[EventRounds "9"]
[EventCountry "ESP"]
[Source "lmi"]
[SourceDate "2008.12.22"]

1. e4 e5 2. Nf3 Nc6 3. Bb5 a6 4. Bxc6 dxc6 5. O-O Bg4 6. h3 Bxf3 7. Qxf3 Nf6 8.
d3 Be7 9. Nd2 Nd7 10. Nc4 O-O 11. Be3 Bg5 12. d4 Bxe3 13. Qxe3 exd4 14. Qxd4 c5
15. Qd2 b5 16. Ne3 Nf6 17. Qxd8 Raxd8 18. f3 Rd4 19. Rfd1 Rfd8 20. Kf2 Kf8 21.
c3 Rd2+ 22. Ke1 R2d3 23. Rxd3 Rxd3 24. Ke2 c4 25. g3 Nh5 26. Nf1 Ke7 27. Rd1
Rd6 28. Rd2 Rg6 29. Kf2 Rd6 30. f4 Nf6 31. Ke3 Nd7 32. e5 Rxd2 33. Nxd2 Nc5 34.
b3 cxb3 35. axb3 a5 36. f5 a4 37. bxa4 bxa4 38. Kd4 Nd7 39. Nc4 h5 40. g4 hxg4
41. hxg4 g6 1/2-1/2

[Event "18. Ciudad de Pamplona - Abierto"]
[Site "Pamplona ESP"]
[Date "2008.12.29"]
[Round "9.14"]
[White "Martinez Ayesa, Aitor"]
[Black "Ros Octavio De Toledo, Eduardo"]
[Result "1/2-1/2"]
[WhiteElo "1795"]
[BlackElo "2198"]
[PlyCount "50"]
[EventDate "2008.12.22"]
[EventType "swiss"]
[EventRounds "9"]
[EventCountry "ESP"]
[Source "lmi"]
[SourceDate "2008.12.22"]

1. d4 Nf6 2. c4 c5 3. d5 b5 4. cxb5 a6 5. b6 g6 6. g3 d6 7. Bg2 Bg7 8. Nf3 O-O
9. O-O Nbd7 10. Nc3 Qxb6 11. e4 Ng4 12. Nd2 Nge5 13. Kh1 Qb4 14. Qe2 a5 15. a3
Qb6 16. a4 Ba6 17. Nb5 f6 18. Bh3 Rfd8 19. f4 Nf7 20. Rf3 Bxb5 21. Qxb5 Qxb5
22. axb5 Nb6 23. Bf1 Rdb8 24. Nc4 Nxc4 25. Bxc4 f5 1/2-1/2

[Event "18. Ciudad de Pamplona - Abierto"]
[Site "Pamplona ESP"]
[Date "2008.12.29"]
[Round "9.15"]
[White "Ugalde Ezcurra, Jose Miguel"]
[Black "Oyaga Valencia, Jesus Maria"]
[Result "1-0"]
[WhiteElo "2158"]
[BlackElo "1783"]
[PlyCount "35"]
[EventDate "2008.12.22"]
[EventType "swiss"]
[EventRounds "9"]
[EventCountry "ESP"]
[Source "lmi"]
[SourceDate "2008.12.22"]

1. Nf3 d5 2. d4 Bf5 3. c4 e6 4. Nc3 c6 5. Qb3 Qc7 6. Bf4 Qb6 7. c5 Qxb3 8. axb3
Nd7 9. b4 a6 10. b5 Ngf6 11. bxc6 bxc6 12. h3 Be7 13. e3 a5 14. b4 Bd8 15. b5
cxb5 16. Bxb5 O-O 17. O-O Ne8 18. Bxd7 1-0